Ναυτιλιακή οικονομική

Αποθηκεύτηκε σε:
Λεπτομέρειες βιβλιογραφικής εγγραφής
Κύριος συγγραφέας: Stopford, Martin
Άλλοι συγγραφείς: Πελαγίδης, Θεόδωρος Κ. (Επιμελητής έκδοσης), Μελάς, Γιάννης (Μεταφραστής)
Μορφή: Βιβλίο
Γλώσσα:Greek
Δημοσίευση: Αθήνα : Παπαζήσης, 2016.
Έκδοση:3η αγγλική έκδ.
Θέματα:
Ετικέτες: Προσθήκη ετικέτας
Δεν υπάρχουν, Καταχωρήστε ετικέτα πρώτοι!

MARC

LEADER 00000cam a2200000 a 4500
001 1/111853
008 160913t2016####gr | ||| |||| ||gre||
020 |a 97895600230277   |q (χαρτόδετο)  
040 |a GR-MyUa  |b gre  |c GR-MyUa  |e AACR2 
041 1 |a gre 
082 7 |a 387.51   |2 (23)  
100 1 |a Stopford, Martin. 
245 1 0 |a Ναυτιλιακή οικονομική /   |c Martin Stopford ; επιμέλεια Θοδωρής Πελαγίδης ; μετάφραση Γιάννης Μελάς.  
246 1 |i Τίτλος πρωτοτύπου:   |a Maritime economics  
250 |a 3η αγγλική έκδ.  
260 |a Αθήνα :   |b Παπαζήσης,   |c 2016.  
300 |a 502 σ. :   |b πίν., σχέδια ;   |c 28 εκ.  
504 |a Βιβλιογραφία: σ. 495-502.  
650 0 |a Merchant marine. 
650 0 |a Shipping. 
700 1 |a Πελαγίδης, Θεόδωρος Κ.  |e edt 
700 1 |a Μελάς, Γιάννης,  |e trl 
852 |a INST  |b CHIOS  |c EUDOXUS  |e 20160913  |h 387.51 STO  |p 005200037904  |q 005200037904  |t BK  |y 4  |x 20220314 
852 |a INST  |b CHIOS  |c EUDOXUS  |e 20160913  |h 387.51 STO  |p 005200037905  |q 005200037905  |t BK  |y 4  |x 20190422 
852 |a INST  |b CHIOS  |c EUDOXUS  |e 20160913  |h 387.51 STO  |p 005200037906  |q 005200037906  |t BK  |y 4  |x 20210906 
920 |a Εύδοξος  |b Παραγγελία  |y Χίος-ΤΝΕΥ  |z 2016-05 
970 |a Σπέντζα  |b Ελένη  |z 13-09-2016